| 000 | 01564nam a2200301 a 4500 | ||
|---|---|---|---|
| 001 | BRCA_5010 | ||
| 005 | 20190320204912.0 | ||
| 008 | 291010s1749----mx-######v---#000-0#spa-# | ||
| 041 | _aspa | ||
| 044 | _amx | ||
| 084 |
_aDOC76 _b.L49 _c1748 |
||
| 100 | 1 |
_aLeza y Guzmán, Antonio de _912780 |
|
| 245 | 1 | 0 |
_aDocumento firmado por Don Antonio Leza y Guzmán _cAntonio Leza y Guzmán. |
| 260 |
_aMéxico _c1748 |
||
| 300 |
_a[87] fojas _c31 x 22 cm. |
||
| 500 | _aCuenta y Relación jurada que da Don Antonio de Leza y Guzmán, Tesorero Mayor de las Rentas y Propios de la Nueva España a los señores del Cabildo, Justicia y Regimiento de ella, procedido a dichas rentas y su distribución de un año corrido desde el primero de enero de 1748 hasta finales de diciembre del mismo. | ||
| 500 | _aContiene sellos con el escudo de la casa de Borbón y el lema: ´SELLO QUARTO. UN QUARTILLO. AÑOS DE MIL SETECIENTOS YH QUARENTA Y SIETE Y QUARENTA Y OCHO´. | ||
| 500 | _aEl documento contiene la leyenda DOC.# 236. | ||
| 500 | _aPapel con marca de agua. | ||
| 500 | _aEstado de conservación: contiene márgenes deteriorados y manchas de acidez en gran parte del documento. | ||
| 506 | 0 | _aFondo Reservado. Para su consulta es necesario credencial de usuario y carta de motivos. | |
| 546 | _aTexto en: español de mediados del siglo XVIII | ||
| 600 | 1 | 4 |
_aLeza y Guzmán, Antonio de _xHistoria _912781 |
| 650 | 1 | 4 |
_aAdministración financiera _zMéxico _912782 |
| 651 | 4 |
_aMéxico _xHistoria _yColonia, 1521-1821 _912461 |
|
| 902 | _aFDH | ||
| 942 |
_2lcc _cD |
||
| 999 |
_c4704 _d4704 |
||